10 Closest Capitals to Paris Quiz Stats

 Plays Quiz Updated Dec 28, 2016

Challenge
Share
Tweet
Embed
Score 0/10 Timer 02:00
2 Plays Today
Capital % Correct
London, United Kingdom
96.6%
Berlin, Germany
94.1%
Brussels, Belgium
90.5%
Amsterdam, Netherlands
87.6%
Luxembourg, Luxembourg
81.6%
Bern, Switzerland
81.6%
Dublin, Ireland
74.6%
Monaco, Monaco
66.9%
Vaduz, Liechtenstein
50%
Andorra la vella, Andorra
49.3%

You're not logged in!

Compare scores with friends on all Sporcle quizzes.
Join for Free
OR
Log In

You Might Also Like...

Show Comments

Extras

Top Quizzes Today


Score Distribution

Your Account Isn't Verified!

In order to create a playlist on Sporcle, you need to verify the email address you used during registration. Go to your Sporcle Settings to finish the process.

Report this User

Report this user for behavior that violates our Community Guidelines.

Details: